| 000 | 01226nam a2200313Ia 4500 | ||
|---|---|---|---|
| 001 | ebr10071289 | ||
| 003 | CaPaEBR | ||
| 006 | m u | ||
| 007 | cr cn||||||||| | ||
| 008 | 021018s2002 enk sb 001 0 eng d | ||
| 015 | _aGBA2-70332 | ||
| 020 | _z0719060702 | ||
| 040 |
_aCaPaEBR _cCaPaEBR |
||
| 035 | _a(OCoLC)57318906 | ||
| 050 | 1 | 4 |
_aD639.P88 _bA75 2002eb |
| 082 | 0 | 4 |
_a820.9358 _221 |
| 100 | 1 |
_aAtkin, Jonathan, _d1968- |
|
| 245 | 1 | 2 |
_aA war of individuals _h[electronic resource] : _bBloomsbury attitudes to the Great War / _cJonathan Atkin. |
| 260 |
_aManchester : _bManchester University Press, _c2002. |
||
| 300 | _a250 p. | ||
| 504 | _aBibliography: p. 233-244. - Includes index. | ||
| 533 |
_aElectronic reproduction. _bPalo Alto, Calif. : _cebrary, _d2009. _nAvailable via World Wide Web. _nAccess may be limited to ebrary affiliated libraries. |
||
| 650 | 0 | _aBloomsbury group. | |
| 650 | 0 |
_aWorld War, 1914-1918 _xPublic opinion. |
|
| 650 | 0 |
_aWorld War, 1914-1918 _xLiterature and the war. |
|
| 655 | 7 |
_aElectronic books. _2local |
|
| 710 | 2 | _aebrary, Inc. | |
| 856 | 4 | 0 |
_uhttp://site.ebrary.com/lib/rucke/Doc?id=10071289 _zAn electronic book accessible through the World Wide Web; click to view |
| 999 |
_c43519 _d43519 |
||